000 00720nam a22002297a 4500
999 _c2301
_d2301
001 2301
003 BD-JhCC
005 20180131124642.0
008 171031s2011 bg |||| ||a| 000 0 ben d
020 _a9847015602314
035 _a(BD-JhCC)2301
040 _aBD-JhCC
_dBD-JhCC
041 _aben
082 _a784.8
_bOHB 2011
100 _aওয়াহাব, ড. আবদুল
245 _aবাংলার বাউল সুফি সাধনা ও সংগীত /
_cড. আবদুল ওয়াহাব
260 _aঢাকা :
_bমাওলা ব্রাদার্স,
_c২০১১.
300 _a232 p. :
_c22 cm.
650 _aBauls
_xMusic
942 _2ddc
_cBK